1214 1252 1852 1931 1439 1169 1374 1709 1180 1737 1674 1442 1780 1815 1646 1736 1707 1351 1338 1550 1282 1021 1909 1353 1418 1479 1272 1528 1628 1182 1514 1133 1906 1779 1767 1021 1047 1705 1773 1045 1147 1281 1445 1473 1152 1347 1574 1886 1966 1723 1994 1780 1788 1997 1544 1751 1567 1111 1842 1085 1240 1659 1914 1292 1209 1610 1761 1244 1876 1108 1283 1110 1891 1863 1806 1726 1381 1859 1930 1172 1167 1342 1172 1476 1827 1467 1443 1961 1798 1066 1771 1649 1177 1447 1659 1246 1401 1754 1175 BCNSPRNW ULIB Ver.6.0+V

เปลี่ยนเป็นภาษาไทย

Change to English
 แสดงรายละเอียดบรรณานุกรม
  กลับหน้าหลัก

Brief Record : Get Marc (ISO 2709) : E-mail record : QR code < ปิดหน้าต่าง
LEADER : 00000nam 2200000uu 4500
001    13399111937
003     ULIB
008    110712s2548||||th 000 0 tha d
020    9749295285
050  4 DS901^bท622ต 2548
100 0  เทพรัตนราชสุดาฯ สยามบรมราชกุมารี,^cสมเด็จพระ,^d2498-
245 10 ต้นน้ำ ภูผา และป่าทราย /^cพระราชนิพนธ์ในสมเด็จพระเทพรัตนราชสุดาฯ สยามบรมราชกุมารี
250    พิมพ์ครั้งที่ 1
260    กรุงเทพฯ :^bมูลนิธิสมเด็จพระเทพรัตนราชสุดา,^c2548
300    5, 274 หน้า :^bภาพประกอบ, แผนที่ ;^c21 ซม.
440  0 ชุดเสด็จพระราชดำเนินเยือนต่างประเทศ ;^vลำดับที่ 48
600 07 เทพรัตนราชสุดาฯ สยามบรมราชกุมารี,^cสมเด็จพระ,^d2498-^xการเยือนต่างประเทศ
600 07 เทพรัตนราชสุดาฯ สยามบรมราชกุมารี,^cสมเด็จพระ,^d2498-^xผลงาน
651  7 จีน, สาธารณรัฐประชาชน^xภูมิประเทศและการท่องเที่ยว
710 2  มูลนิธิสมเด็จพระเทพรัตนราชสุดา
945    ^p240^l0^i022209
995    ทศพร
999 ^a ใช้งานได้ทุกระบบ
รายการนี้ยังไม่มีแท็ก
คุณยังไม่ได้ล็อกอิน คุณสามารถมีกิจกรรมร่วมกับเว็บไซต์ได้ แต่ต้องล็อกอินก่อน ::
  ล็อกอิน

รายการสื่อสารสนเทศ

ลำดับที่ ประเภท เลขเรียก/บาร์โค้ด สถานที่ สถานะ
- ไม่พบข้อมูล -

BibComment


ยังไม่เคยถูกคอมเมนท์

คอมเมนท์ทรัพยากรรายการนี้
  คอมเมนท์: ต้นน้ำ ภูผา และป่..


 Copyright 2026. Bcnsprnw @Library